The Indian Trust Act, 1882` (Record no. 15502)
[ view plain ]
| 000 -LEADER | |
|---|---|
| fixed length control field | 00538nam a2200229 a 4500 |
| 020 ## - INTERNATIONAL STANDARD BOOK NUMBER | |
| ISBN | |
| 082 00 - DEWEY DECIMAL CLASSIFICATION NUMBER | |
| Classification number | 340 |
| Author Cutter | MAT9 |
| 100 ## - MAIN ENTRY--AUTHOR NAME | |
| Author name | Mathew, P D |
| 245 ## - TITLE STATEMENT | |
| Title | The Indian Trust Act, 1882` |
| 260 ## - PUBLICATION, DISTRIBUTION, ETC. (IMPRINT) | |
| Place of publication | New Delhi |
| Name of publisher | Indian Social Institute |
| Year of publication | 2006 |
| 300 ## - PHYSICAL DESCRIPTION | |
| Number of Pages | 54p |
| 500 ## - GENERAL NOTE | |
| General note | includes index and biblioraphy |
| 650 ## - SUBJECT ADDED ENTRY--TOPICAL TERM | |
| Topical Term | Law |
| 942 ## - ADDED ENTRY ELEMENTS (KOHA) | |
| Koha item type | Books |
| 700 1# - | |
| -- | Mathew, P D |
| Collection code | Home library | Current library | Date acquired | Cost, normal purchase price | Full call number | Accession Number | Koha item type |
|---|---|---|---|---|---|---|---|
| Henry Martyn Institute Library | Henry Martyn Institute Library | 02/22/2008 | 20.00 | 340 MAT9 | 021723 | Books |
